000 00214nam a2200085Ia 4500
008 120527s9999 xx 000 0 und d
100 _aFeinberg, Joel
245 _aRights,Justice and the bonds of liberty
942 _cBK
999 _c27752
_d27752